00564nam a2200181Ia 450000500170000000800410001702000150005808200130007324500450008626000340013130000160016565000290018165000210021070000330023194200060026495200970027099900150036720241001054839.0240331s9999 xx 000 0 und d a1871438284 bPERa809 0aPerspectives on Post-Colonial Literature aLondonbSkoob Books Ltdc2001 ax, 214 p ., aPost Colonial Literature aCultural Studies aGoonetilleke, D.C.R.A. eedt cL 001040708LaWERCLbWERCLcSSCd2024-03-31l0o 809.3 PERp4717r2024-03-31w2024-03-31yL c3157d3157